| 000 | 00611nam a22002177a 4500 | ||
|---|---|---|---|
| 005 | 20170124105925.0 | ||
| 010 | _a001571 | ||
| 020 | _c00.00 | ||
| 035 | _a001571 | ||
| 037 | _bCen Lib/Ret | ||
| 040 |
_aDPL _bEN |
||
| 082 |
_a027.7 _bRAN |
||
| 100 |
_aRanganathan,S.R. _9105384 |
||
| 245 |
_aSchool and college libraries / _cby S. R. Ranganathan |
||
| 260 |
_aMadras _bThe Madras Library Assooociation _c1942 |
||
| 270 |
_aMadras _bMadras |
||
| 300 |
_a432p. _c20cm(Hb) |
||
| 650 |
_aSchool libraries _9105385 |
||
| 650 |
_aAcademic libraries _92640 |
||
| 942 |
_2ddc _cEN _h027.7 _mRAN |
||
| 999 |
_c123472 _d123472 |
||